• 首页
  • 本馆介绍
  • 公告通知
  • 最新文献
  • 馆藏检索
  • 电子资源
  • 读者导购
  • 参考咨询
  • 我的图书馆
  • 登录
  • 详细信息显示
  • 放入我的书架
  • 预约/预借图书
  • 作者相关作品
  • 分类相关作品
  • 丛书相关作品
  • 出版社相关作品

书目信息

  • 表格格式
  • 工作单格式
  • 卡片格式
题名:
四季养花
    
 
作者: 穆守义 , 马秀兰 编著
分册:  
出版信息: 郑州   河南科学技术出版社  1996.11
页数: 374页
开本: 20cm
丛书名:
单 册:
中图分类: S68
科图分类:
主题词: 观赏园艺 , 花卉 , 园林树木
电子资源:
ISBN: 7-5349-1815-4
000 00631nam0 2200229 45
001 0330563641
005 2003102508292334
010    @a7-5349-1815-4@dRMB 13.00
100    @a20031025d1996 km y0chiy0120 ea
101 0  @achi
102    @aCN@b410000
200 1  @a四季养花@Asi ji yang hua@f穆守义,马秀兰编著@Fmu shou yi,ma xiu lan bian zhu
210    @a郑州@c河南科学技术出版社@d1996.11
215    @a374页@d20cm
606 0  @a观赏园艺
606 0  @a花卉
606 0  @a园林树木
690    @aS68@v3
701  0 @a穆守义@Amu shou yi@4编著
701  0 @a马秀兰@Ama xiu lan@4编著
801  0 @aCN@bPFT@c20031025
905    @aBZT@dS68@e10@f6
    
    四季养花/穆守义,马秀兰编著.-郑州:河南科学技术出版社,1996.11
    374页;20cm
    
    
    ISBN 7-5349-1815-4:RMB 13.00
    
●
相关链接 在五车中查询图书 在当当中查询图书 在豆瓣中查询图书


正题名:四季养花     索取号:S68/10         预约/预借

序号 登录号 条形码 馆藏地/架位号 状态 备注
1 0354263   230078351   中心书库中库/ 中库032架A面3列3层51/ [索取号:S68/10] 在馆    
2 0354264   230078352   中心书库中库/ 中库032架A面3列3层50/ [索取号:S68/10] 在馆    
3 2001741099   2001741099   样本书库/样005架A面3层1列/ [索取号:S68/10] 在馆    
4 354266   230084983   中心书库中库/ 中库032架A面3列3层52/ [索取号:S68/10] 在馆    
山东省滨州职业学院图书馆 欢迎您!
大连网信软件有限公司© 版权所有